LEADER 01273nam0-22003731i-450- 001 990008038990403321 005 20070608110415.0 035 $a000803899 035 $aFED01000803899 035 $a(Aleph)000803899FED01 035 $a000803899 100 $a20050406d1970----km-y0itay50------ba 101 2 $afre$agrc 102 $aFR 105 $ay-------001yy 200 1 $aSur l'origine de l'homme$eHom. 10. et 11. de l'Hexaemeron$fBasile de Césarée$gintroduction, texte critique, traduction et notes par Alexis Smets et Michel van Esbroeck 210 $aParis$cLes éditions du Cerf$d1970 215 $a344 p.$d20 cm 225 1 $aSources chrétiennes$v160 300 $aTesto originale greco a fronte 500 10$aHomiliae in Hexameron$m$927109 676 $a233$v21$zita 700 0$aBasilius :$cCaesariensis$c$0396939 702 1$aSmets,$bAlexis 702 1$aEsbroeck,$bMichel : van 801 0$aIT$bUNINA$gRICA$2UNIMARC 901 $aBK 912 $a990008038990403321 952 $aDDR-Fonti II- Basilius Ed.2 de creat.hom.1$b1808 ddr$fDDR$m21-5573 952 $aP2B-590-S.C.-BASIL.C.-423A-1970$bBibl.45129$fFLFBC 959 $aDDR 959 $aFLFBC 996 $aHomiliae in Hexameron$927109 997 $aUNINA LEADER 02106oam 2200589I 450 001 9910695538603321 005 20161108100502.0 035 $a(CKB)5470000002371386 035 $a(OCoLC)83764986$z(OCoLC)839754568 035 $a(EXLCZ)995470000002371386 100 $a20070215j200011 ua 0 101 0 $aeng 181 $ctxt$2rdacontent 182 $cc$2rdamedia 183 $acr$2rdacarrier 200 10$aBOREAS TGB-5 dissolved organic carbon data from NSA beaver ponds /$fRick Bourbonniere 210 1$aGreenbelt, Maryland :$cNational Aeronautics and Space Administration, Goddard Space Flight Center,$dNovember 2000. 215 $a1 online resource (16 pages) 225 1 $aTechnical report series on the Boreal Ecosystem-Atmosphere Study (BOREAS) ;$vvolume 228 225 1 $aNASA/TM ;$v2000-209891, vol. 228 300 $a"November 2000." 300 $a"Performing organization: Goddard Space Flight Center" Report documentation page. 320 $aIncludes bibliographical references (pages 13-14). 517 3 $aBoreal ecosystem atmosphere study trace gas biogeochemistry 5 dissolved organic carbon data from Northern Study Area beaver ponds 606 $aAtmospheric composition$2nasat 606 $aBiogeochemistry$2nasat 606 $aCarbon$2nasat 606 $aChemical analysis$2nasat 606 $aDissolved organic matter$2nasat 606 $aEcosystems$2nasat 606 $aPonds$2nasat 606 $aTrace contaminants$2nasat 615 7$aAtmospheric composition. 615 7$aBiogeochemistry. 615 7$aCarbon. 615 7$aChemical analysis. 615 7$aDissolved organic matter. 615 7$aEcosystems. 615 7$aPonds. 615 7$aTrace contaminants. 700 $aBourbonniere$b Rick$01387074 712 02$aGoddard Space Flight Center, 801 0$bGPO 801 1$bGPO 801 2$bOCLCQ 801 2$bOCLCO 801 2$bOCLCQ 801 2$bGPO 906 $aBOOK 912 $a9910695538603321 996 $aBOREAS TGB-5 dissolved organic carbon data from NSA beaver ponds$93436555 997 $aUNINA